000 00213nmm a2200085Ia 4500
008 220120s9999||||xx |||||||||||||||||und||
100 _aGivone, Donald
245 0 _aDigital principles and design
260 _bNew Delhi
999 _c138886
_d138886